Northeast Megalopolis Cities - Statistics

General Stats
  • This quiz has been taken 230 times
  • The average score is 8 of 10
Answer Stats
Hint Answer % Correct
673,184 Boston
99%
8,537,673 New York
99%
1,567,872 Philadelphia
94%
681,170 Washington DC
92%
614,664 Baltimore
87%
179,219 Providence
77%
281,764 Newark
72%
264,152 Jersey City
56%
184,508 Worcester
42%
200,807 Yonkers
36%
No matching quizzes found
Score Distribution
Percent of People with Each Score
Percentile by Number Answered
Your Score History
You have not taken this quiz